Normal view
MARC view
- Carillo, Ellen C.
Entry Personal Name
001 - CONTROL NUMBER
- control field: 95421
003 - CONTROL NUMBER IDENTIFIER
- control field: NUST
005 - DATE AND TIME OF LATEST TRANSACTION
- control field: 20220726200415.0
008 - FIXED-LENGTH DATA ELEMENTS
- fixed length control field: 220726|| aca||aabn | a|a d
040 ## - CATALOGING SOURCE
- Original cataloging agency: NUST
- Transcribing agency: NUST
100 ## - HEADING--PERSONAL NAME
- Personal name: Carillo, Ellen C.
670 ## - SOURCE DATA FOUND
- Source citation: Work cat.: (NUST)0: Axelrod, Rise B., author. 95419, Reading critically, writing well :
